Satakunnan kunnat - Statistics

Yleistilastot
  • Tätä visaa on pelattu 184 kertaa
  • Keskiarvotulos 13 / 17
Vastaustilastot
Väkiluku Kaupunki/Kunta % Oikein
83 790 Pori
99%
39 015 Rauma
99%
11 608 Eura
86%
11 234 Kankaanpää
84%
9 399 Eurajoki
79%
2 331 Karvia
79%
12 855 Ulvila
79%
7 104 Kokemäki
77%
3 066 Merikarvia
77%
10 029 Huittinen
75%
5 303 Nakkila
73%
2 064 Pomarkku
71%
6 948 Harjavalta
69%
6 705 Säkylä
65%
1 431 Siikainen
64%
1 727 Jämijärvi
61%
1 598 Honkajoki
42%
Ehtoja vastaavia visoja ei löytynyt
Tulosjakauma
Jokaisen tuloksen saaneiden osuus
Persentiili vastausten määrän mukaan
Tuloshistoriasi
Et ole pelannut tätä visaa